| 000 | 02273nam a22002897a 4500 | ||
|---|---|---|---|
| 005 | 20151209095622.0 | ||
| 008 | 130419s1688||||sp ||||fr|||||00||0dspa|d | ||
| 040 |
_aCo-BoUCM _bspa _cSandra Yazo (modificó) _dSandra Yazo (modificó) |
||
| 041 | _aspa | ||
| 082 | 0 | 4 |
_a260 _220 |
| 092 | _aE02N093 | ||
| 100 | 1 |
_a Pineda, Juan de _938372 _d1558-1637 |
|
| 242 | 0 | 0 |
_aLos treinta libros de la Monarquia eclesiástica, o historia universal del mundo, divididos en cinco tomos _yspa |
| 245 | 1 | 4 |
_aLos treynta libros de la Monarchia ecclesiastica, o historia universal del mundo, divididos en cinco tomos _bPrimer [-segundo] volumen de la primera parte _ccompuesto por Fray Juan de Pineda |
| 246 | 1 | 8 | _aMonarchia eclesiástica del Pe. Pineda 1a pte hasta el libro 9 |
| 260 |
_aSalamanca (España) _bEn cada de Juan Fernández ; A costa de Hilario de Bonefont _c1588 |
||
| 300 |
_a2 tomos en el volúmen ([32] páginas, 293 folios ; [4] páginas, 368 folios) _c28 x 21 cm. |
||
| 500 | _aDetalles físicos: Encuadernación flexible en pergamino. Tapas manchadas, arrugadas, con roturas y restauraciones anteriores. Guardas. Ejemplar mútilo, primera parte sin portada. Prefacio. Palabras al lector. Texto impreso en dos columnas. Párrafos numerados. Mayúsculas capitales. Cenefas. Apostillas marginales. Signaturas y reclamos. Varias anotaciones manuscritas al inicio de la obra. Papel manchado. Texto incompleto, últimos folios con roturas y restauraciones anteriores. Cortes decorados. Ejemplar en regular estado de conservación. Colección incompleta | ||
| 505 | 0 | _aV.1: Primera parte: Parte I: Libro I-IV -- Parte II: Libro V-IX | |
| 506 | _aConsulta en sala | ||
| 650 | 7 |
_948800 _aPapas _xHistoria _xObras anteriores a 1800 |
|
| 650 | 7 |
_aHistoria eclesiástica _xObras anteriores a 1800 _916937 |
|
| 650 | 7 |
_aInstituciones religiosas y eclesiásticas _xObras anteriores a 1800 _917766 |
|
| 690 | _aIglesias | ||
| 856 | 4 | 1 |
_uhttp://books.google.com.co/books?id=OCRj8_-K3SEC&pg=PA9&dq=Monarchia+ecclesiastica+compuesto+por+Fray+Juan+de+Pineda&hl=es&sa=X&ei=yMejUceLHcmziQKHgoHwCQ&ved=0CDIQ6AEwAQ#v=onepage&q=Monarchia%20ecclesiastica%20compuesto%20por%20Fray%20Juan%20de%20Pineda&f=false _zDisponible en línea V.1 |
| 942 |
_cLIBRO _e1 _a4 _2LOCAL _hE02N093 |
||
| 999 |
_c67261 _d67261 |
||